ပီမႂ်ႇတႆး၊ လၵ်းၼီႈပီတႆးၵႃႇသႆႈ (ပီငူး) ပီမိူင်း 2107။ (Record no. 23389)

000 -LEADER
fixed length control field 01026nam a22002177a 4500
003 - CONTROL NUMBER IDENTIFIER
control field OSt
005 - DATE AND TIME OF LATEST TRANSACTION
control field 20260122194846.0
008 - FIXED-LENGTH DATA ELEMENTS--GENERAL INFORMATION
fixed length control field 230317b ||||| |||| 00| 0 eng d
040 ## - CATALOGING SOURCE
Transcribing agency Ost
041 ## - LANGUAGE CODE
Language code of text/sound track or separate title Shan
082 ## - DEWEY DECIMAL CLASSIFICATION NUMBER
Classification number 305.895919
245 ## - TITLE STATEMENT
Title ပီမႂ်ႇတႆး၊ လၵ်းၼီႈပီတႆးၵႃႇသႆႈ (ပီငူး) ပီမိူင်း 2107။
Statement of responsibility, etc. ၸုမ်းပွင်ၵၢၼ်ပီမႂ်ႇတႆးဝဵင်းၵဵင်းတုင်
260 ## - PUBLICATION, DISTRIBUTION, ETC.
Place of publication, distribution, etc. ၵဵင်းတုင်
Name of publisher, distributor, etc. ၸုမ်းပွင်ၵၢၼ်ပွႆးပီမႂ်ႇတႆး2107
Date of publication, distribution, etc. 2013
300 ## - PHYSICAL DESCRIPTION
Extent 53 ၼႃႈ
Other physical details ႁၢင်ႈ
Dimensions 21 ၸိၼ်ႇထီႇ
500 ## - GENERAL NOTE
General note S-SAT: Dr. Prof Sai Aung Tun
General note S-SAT ပဵၼ်ပပ်ႉၸဝ်ႈတႃႇၼႁင်းၶေႃ တွၵ်ႉတိူဝ်ႉၸၢႆးဢွင်ႇထုၼ်း။
650 ## - SUBJECT ADDED ENTRY--TOPICAL TERM
Topical term or geographic name entry element ၽိင်ႈထုင်းတႆး
942 ## - ADDED ENTRY ELEMENTS (KOHA)
Koha item type Book (Short term)
Source of classification or shelving scheme
Source of classification or shelving scheme
Holdings
Withdrawn status Lost status Source of classification or shelving scheme Damaged status Not for loan Collection Code Permanent Location Current Location Shelving location Date acquired Total Checkouts Full call number Barcode Date last seen Copy number Price effective from Koha item type Accession
          Special Collections Shan State Buddhist University Library Shan State Buddhist University Library Special Collection Shelves 17/03/2023   305.895919 ပီ ႒႔႘႖ S-SAT SH00002486 17/03/2023 1 17/03/2023 Book (Short term) ႒႔႘႖ S-SAT
          Tai Collection Shan State Buddhist University Library Shan State Buddhist University Library Tai Shelves 17/03/2023   305.895919 ပီ ႓႕႔႕ SH00003545 13/01/2024 1 17/03/2023 Books (Long term) ႓႕႔႕
          Tai Collection Shan State Buddhist University Library Shan State Buddhist University Library Tai Shelves 17/03/2023   305.895919 ပီ ႓႙႗႔ SH00003974 22/05/2025 1 17/03/2023 Books (Long term) ႓႙႗႔

Library - 09407999929
Admin Office - 09407999979
Dean Office - 09250910768
Registrar Office - 09892297154
Email - [email protected]
Shan State Buddhist University, Phaya Phyu Taunggyi, Shan State, Myanmar.